Top 15 Länder mit Covid-19-Todesfällen - 28. April 2021 - Statistiken

Allgemein
  • Dieses Quiz wurde 18 mal gespielt
  • Das Durchschnittsergebnis liegt bei 16 aus 24
Antwortstatistiken
Land % Korrekt
Italien
100%
Vereinigte Staaten
100%
Brasilien
92%
Indien
92%
Mexiko
92%
Russland
92%
Spanien
92%
Deutschland
85%
Frankreich
85%
Argentinien
77%
Kolumbien
77%
Peru
69%
Polen
69%
Tschechien
62%
Vereinigtes Königreich
62%
Iran
54%
Slowakei
54%
Slowenien
54%
Belgien
46%
Ungarn
38%
Kroatien
31%
Bosnien und Herzegowina
23%
Bulgarien
15%
Nordmazedonien
15%
Keine übereinstimmenden Quizze gefunden
Verteilung der Resultate
Anzahl Personen mit jedem Resultat
Perzentil nach korrekt beantworteten Fragen
Ihre Resultats-Entwicklung
Sie haben dieses Quiz noch nicht gespielt